000 00342nam a2200133Ia 4500
005 20250627021037.0
008 240331s9999 xx 000 0 und d
082 _bJAY
_a305
100 _aJayawardena, K
245 0 _aStreevadaya saha jathikavadaya
260 _aColombo
_bSocial Scientist Association
_c1994
300 _a257 p .,
942 _cL
999 _c1914
_d1914